Reforming reference : (Record no. 132972)

MARC details
000 -LEADER
fixed length control field 00900nam a22002657a 4500
005 - DATE AND TIME OF LATEST TRANSACTION
control field 20170124110202.0
010 ## - LIBRARY OF CONGRESS CONTROL NUMBER
LC control number B-160866
020 ## - INTERNATIONAL STANDARD BOOK NUMBER
International Standard Book Number 9798170999484
Terms of availability 350.00
035 ## - SYSTEM CONTROL NUMBER
System control number B-160866
037 ## - SOURCE OF ACQUISITION
Source of stock number/acquisition Cen Lib/Ret
040 ## - CATALOGING SOURCE
Original cataloging agency DPL
Language of cataloging EN
082 ## - DEWEY DECIMAL CLASSIFICATION NUMBER
Classification number 025.52
Item number RAT
100 ## - MAIN ENTRY--PERSONAL NAME
Personal name Ratan Kumar Khan
9 (RLIN) 36348
245 ## - TITLE STATEMENT
Title Reforming reference :
Statement of responsibility, etc by Ratan Kumar Khan, Bhubaneswar Chakrabarti [and] Swapna Banerjee
Remainder of title guidelines for librarian /
246 ## - VARYING FORM OF TITLE
Remainder of title
260 ## - PUBLICATION, DISTRIBUTION, ETC. (IMPRINT)
Name of publisher, distributor, etc Mittal Publications
Date of publication, distribution, etc 2004
Place of publication, distribution, etc New Delhi
270 ## - ADDRESS
Address A-110, Mohan Garden
City New Delhi
Postal code 110059
300 ## - PHYSICAL DESCRIPTION
Extent x,136p.
Dimensions 22cm(Hb)
500 ## - GENERAL NOTE
General note Includes bibliographical references and index<br/>
650 ## - SUBJECT ADDED ENTRY--TOPICAL TERM
Topical term or geographic name as entry element Reference services (Libraries)
Geographic subdivision
9 (RLIN) 36349
650 ## - SUBJECT ADDED ENTRY--TOPICAL TERM
Topical term or geographic name as entry element Information services
9 (RLIN) 3087
700 ## - ADDED ENTRY--PERSONAL NAME
Personal name Chakrabarti, Bhubaneswar
9 (RLIN) 1802
700 ## - ADDED ENTRY--PERSONAL NAME
Personal name Banerjee, Swapna
9 (RLIN) 36350
942 ## - ADDED ENTRY ELEMENTS (KOHA)
Source of classification or shelving scheme Dewey Decimal Classification
Koha item type English Books
Classification part 025.52
Call number suffix RAT
Holdings
Withdrawn status Lost status Damaged status Not for loan Home library Current library Date acquired Source of acquisition Cost, normal purchase price Total Checkouts Full call number Barcode Date last seen Copy number Cost, replacement price Price effective from Koha item type
        Central Library Central Library 24/07/2015 Cen Lib/Ret 350.00   025.52 RAT B-160866 24/07/2015 1 0.00 15/09/2016 English Books
        Central Library Central Library 27/11/2015 Cen Lib/Ret 350.00   025.52 RAT B-160867 27/11/2015 2   27/11/2015 English Books

© Delhi Public Library
Hit Counter
free hit counter